LDR 00934naa#a2200193#i#450# 001 RU\INFRA-M\bibl\126701 005 20260703135800.5 011 ## _a3033-8166 100 ## _a20260629b2026####ek#y0rusy0150####ca 102 ## _aRU 200 1# _aМодели экономики производственной деятельности учреждений исполнения наказаний за рубежом _eЖурнальная статья 210 1# _aМосква _cОбщество с ограниченной ответственностью «Научно-издательский центр ИНФРА-М» _d2026 215 ## _a7 с. 608 ## _aЖурнальная статья _2local 675 ## _aИсполнение наказания. Предупреждение преступлений. 343.8 _z 700 #1 _aКозлов _gВ. В. 700 #1 _aГоловач _gИ. И. 700 #1 _aРевякина _gЛ. И. 856 4# _azh-szf.ru _u